Statistiques concernant 54 sortilèges Harry Potter

Cliquez ici pour prendre le quiz!

Statistiques générales

  • Ce quiz a été pris 2 935 fois
  • Le résultat moyen est 15 sur 54

Statistiques - réponses

HintRéponse% Correct
7Avada Kedavra
92%
16Endoloris
82%
32Lumos
79%
54Wingardium leviosa
77%
3Alohomora
72%
51Spero Patronum
70%
18Expelliarmus
67%
52Stupefix
67%
24Impero
66%
1Accio
64%
35Nox
59%
46Sectumsempra
45%
40Protego
43%
37Petrificus totalus
42%
43Reparo
41%
2Aguamenti
39%
42Reducto
38%
27Incendio
36%
30Levicorpus
30%
4Amplificatum
28%
20Finite incantatem
23%
36Oubliettes
23%
44Rictusempra
23%
47Serpensortia
19%
10Collaporta
18%
45Riddikulus
18%
8Avis
15%
23Impedimenta
15%
22Immobilus
14%
29Legilimens
12%
41Recurvite
12%
48Silencio
12%
49Sonorus
12%
14Diffindo
10%
26Incarcerem
10%
31Liberacorpus
10%
6Assurdiato
8%
28Lashlabask
8%
33Morsmordre
8%
9Bloclang
7%
17Evanesco
7%
11Crache-limaces
6%
15Enervatum
6%
5Anapneo
4%
12Cracbadaboum
4%
21Furunculus
4%
34Mobilicorpus
3%
39Prior incanto
3%
50Sourdinam
3%
53Tarentallegra
3%
19Failamalle
2%
25Impervius
2%
38Pointe au nord
2%
13Dentesaugmento
1%

Distribution des résultats

Percentile par nombre de réponses

% des personnes avec chaque résultat

Votre développement - résultats

Vous n’avez pas pris ce quiz